[Event "Hilversum op-B"]
[Site "Hilversum"]
[Date "2018.06.24"]
[Round "5"]
[White "Froberg, Gert Jan"]
[Black "Laan, David"]
[Result "0-1"]
[WhiteElo "1864"]
[BlackElo "1834"]
[PlyCount "73"]
[EventDate "2018.06.22"]
[EventType "swiss"]
[EventRounds "6"]
[EventCountry "NED"]
[SourceTitle "EXT 2019"]
[Source "ChessBase"]
[SourceDate "2018.10.10"]
[SourceVersion "1"]
[SourceVersionDate "2018.10.10"]
[SourceQuality "1"]

1. b3 e5 2. Bb2 Nc6 3. e3 Nf6 4. d3 d5 5. Nd2 Bd6 6. g3 Be6 7. Bg2 h5 8. h4 Qd7 9. Nh3 0-0-0 10. Ng5 Bf5 11. e4 dxe4 12. dxe4 Bg4 13. f3 Be6 14. Nxe6 fxe6 15. c3 Qf7 16. Qe2 Qg6 17. Nf1 Bc5 18. Qc4 Nd7 19. 0-0-0 Bf2 20. Bh3 Rhe8 21. Kc2 Nb6 22. Rxd8+ Nxd8 23. Qe2 Bc5 24. Qb5 Bd6 25. Rg1 Rf8 26. Qd3 Nd7 27. b4 Nb6 28. Nd2 Qe8 29. b5 a6 30. c4 Na4 31. bxa6 bxa6 32. Nb3 Nc6 33. a3 Qe7 34. c5 Nxc5 35. Nxc5 Bxc5 36. Qxa6+ Kd7 37. Qb5 0-1